Atmospheric boundary layer flows : (Record no. 19363)

MARC details
000 -LEADER
fixed length control field 01167cam a2200289 a 4500
001 - CONTROL NUMBER
control field 4868977
003 - CONTROL NUMBER IDENTIFIER
control field OSt
005 - DATE AND TIME OF LATEST TRANSACTION
control field 20211122093200.0
008 - FIXED-LENGTH DATA ELEMENTS--GENERAL INFORMATION
fixed length control field 920522s1994 nyua b 001 0 eng
010 ## - LIBRARY OF CONGRESS CONTROL NUMBER
LC control number 92020792
020 ## - INTERNATIONAL STANDARD BOOK NUMBER
International Standard Book Number 0195062396 (acidfree paper)
040 ## - CATALOGING SOURCE
Original cataloging agency DLC
Transcribing agency HU
Modifying agency DLC
050 00 - LIBRARY OF CONGRESS CALL NUMBER
Classification number QC880.4.B65
Item number K35 1994
082 00 - DEWEY DECIMAL CLASSIFICATION NUMBER
Classification number 551.5
Edition number 20
100 1# - MAIN ENTRY--PERSONAL NAME
Personal name Kaimal, J. C.
9 (RLIN) 19632
245 10 - TITLE STATEMENT
Title Atmospheric boundary layer flows :
Remainder of title their structure and measurement /
Statement of responsibility, etc. J.C. Kaimal, J.J. Finnigan.
260 ## - PUBLICATION, DISTRIBUTION, ETC.
Place of publication, distribution, etc. New York :
Name of publisher, distributor, etc. Oxford University Press,
Date of publication, distribution, etc. 1994.
300 ## - PHYSICAL DESCRIPTION
Extent xiii, 289 p. :
Other physical details ill. ;
Dimensions 25 cm.
504 ## - BIBLIOGRAPHY, ETC. NOTE
Bibliography, etc. note Includes bibliographical references and index.
650 #0 - SUBJECT ADDED ENTRY--TOPICAL TERM
Topical term or geographic name entry element Boundary layer (Meteorology)
9 (RLIN) 19633
700 1# - ADDED ENTRY--PERSONAL NAME
Personal name Finnigan, J. J.
Fuller form of name (John J.)
9 (RLIN) 19634
856 42 - ELECTRONIC LOCATION AND ACCESS
Materials specified Publisher description
Uniform Resource Identifier <a href="http://www.loc.gov/catdir/enhancements/fy0602/92020792-d.html">http://www.loc.gov/catdir/enhancements/fy0602/92020792-d.html</a>
856 41 - ELECTRONIC LOCATION AND ACCESS
Materials specified Table of contents only
Uniform Resource Identifier <a href="http://www.loc.gov/catdir/enhancements/fy0602/92020792-t.html">http://www.loc.gov/catdir/enhancements/fy0602/92020792-t.html</a>
906 ## - LOCAL DATA ELEMENT F, LDF (RLIN)
a 7
b cbc
c orignew
d 1
e ocip
f 19
g y-gencatlg
942 ## - ADDED ENTRY ELEMENTS (KOHA)
Source of classification or shelving scheme Dewey Decimal Classification
Koha item type Books like text book referance book
Suppress in OPAC No
Holdings
Withdrawn status Lost status Source of classification or shelving scheme Damaged status Not for loan Collection code Home library Current library Shelving location Date acquired Total Checkouts Full call number Barcode Date last seen Copy number Price effective from Koha item type
    Dewey Decimal Classification     Reference Wondo Genet Library Wondo Genet Library General Stacks 11/22/2021   551.4 KAI 1994 WGCFNRL00006962 11/22/2021 1 11/22/2021 Books like text book referance book